| 000 | 00515nam a2200181Ia 4500 | ||
|---|---|---|---|
| 008 | 090630s9999 xx 000 0 und d | ||
| 082 | _b17107 | ||
| 100 | _a--- | ||
| 245 |
_aभाजीपाल्यांची लागवड. _c--- |
||
| 260 | _bउद्यम. | ||
| 300 | _a0 | ||
| 600 | _a--- | ||
| 630 | _aभाजीपाल्यांची लागवड. | ||
| 655 | _aइतर. | ||
| 700 | _a--- | ||
| 730 | _aभाजीपाल्यांची लागवड. | ||
| 942 | _cBOOK | ||
| 999 |
_c268963 _d268963 |
||